Online
Catalog

La natividad en los premios Nobel de Hispanoamerica y otros ensayos / (Record no. 2394)

MARC details
000 -CABECERA
campo de control de longitud fija 00579cam a2200169 a 4500
001 - NÚMERO DE CONTROL
campo de control 000002558
005 - FECHA Y HORA DE LA ÚLTIMA TRANSACCIÓN
campo de control 20260521134322.0
008 - DATOS DE LONGITUD FIJA--INFORMACIÓN GENERAL
campo de control de longitud fija 711208s1969 sp 000 e spa
040 ## - FUENTE DE LA CATALOGACIÓN
Centro catalogador/agencia de origen DO-SdBNP
Lengua de catalogación spa
Centro/agencia transcriptor BNPHU
082 ## - NÚMERO DE LA CLASIFICACIÓN DECIMAL DEWEY
Número de clasificación H868.99804
Número de documento/Ítem O484n
100 1# - ENTRADA PRINCIPAL--NOMBRE DE PERSONA
Nombre de persona Oliver Belmás, Antonio.
Fechas asociadas al nombre 1954
9 (RLIN) 8058
245 10 - MENCIÓN DE TÍTULO
Título La natividad en los premios Nobel de Hispanoamerica y otros ensayos /
Mención de responsabilidad, etc. Antonio Oliver Belmás.
260 ## - PUBLICACIÓN, DISTRIBUCIÓN, ETC.
Lugar de publicación, distribución, etc. Madrid :
Nombre del editor, distribuidor, etc. Cultura Hispánica,
Fecha de publicación, distribución, etc. 1969.
300 ## - DESCRIPCIÓN FÍSICA
Extensión 169 p. ;
Dimensiones 17 cm.
650 #4 - PUNTO DE ACCESO ADICIONAL DE MATERIA--TÉRMINO DE MATERIA
Término de materia o nombre geográfico como elemento de entrada Literatura hispanoamericana
Subdivisión general Historia y crítica
9 (RLIN) 6273
650 #0 - PUNTO DE ACCESO ADICIONAL DE MATERIA--TÉRMINO DE MATERIA
Término de materia o nombre geográfico como elemento de entrada Ensayos
9 (RLIN) 8059
Holdings
Estado de retiro Estado de pérdida Restricciones de uso No para préstamo Código de colección Localización permanente Ubicación/localización actual Ubicación en estantería Fecha de adquisición Número de inventario Total de préstamos Signatura topográfica completa Código de barras Fecha visto por última vez Precio válido a partir de Tipo de ítem Koha Número de copia
    Préstamo interno   Monografías: Libros y Folletos General General En catalogación 03.09.2009 LF1   H868.99804 O484n 2558-10 25.06.2020 25.06.2020 Préstamo interno  
    Préstamo restringido Préstamo restrigido Monografías: Libros y Folletos General General En catalogación 26.11.2010 LF1   H868.99804 O484n 2558-20 25.06.2020 25.06.2020 Préstamo interno e.2

Powered by Koha